RAPD linkage mapping in a longleaf pine x slash pine F1 family (Record no. 66321)

MARC details
000 -LEADER
fixed length control field 00512nam a2200193Ia 4500
100 ## - MAIN ENTRY--AUTHOR NAME
Personal name Kubisiak T L
245 #0 - TITLE STATEMENT
Title RAPD linkage mapping in a longleaf pine x slash pine F1 family
260 ## - PUBLICATION, DISTRIBUTION, ETC. (IMPRINT)
Name of publisher Theoretical and Applied Genetics
Year of publication 1995
300 ## - PHYSICAL DESCRIPTION
Number of Pages 119-127
650 ## - SUBJECT ADDED ENTRY--TOPICAL TERM
Topical Term Genetic linkage map
650 ## - SUBJECT ADDED ENTRY--TOPICAL TERM
Topical Term Pinsu elliottii
650 ## - SUBJECT ADDED ENTRY--TOPICAL TERM
Topical Term Pinus aplustris
650 ## - SUBJECT ADDED ENTRY--TOPICAL TERM
Topical Term RAPD
700 ## - ADDED ENTRY--PERSONAL NAME
Personal name Nance W L
700 ## - ADDED ENTRY--PERSONAL NAME
Personal name Nelson C D
700 ## - ADDED ENTRY--PERSONAL NAME
Personal name Stine M
942 ## - ADDED ENTRY ELEMENTS (KOHA)
Koha item type Journals
Holdings
Withdrawn status Lost status Damaged status Not for loan Home library Current library Shelving location Date acquired Serial Enumeration / chronology Koha item type
      Journals RRII Library RRII Library RAPD 18/10/1995 Volume 90, Issue 08-Jul Journals